Portuguese soccer players scoring during the UEFA Euro - Statistics

General Stats
  • This quiz has been taken 128 times
    62 since last reset
  • The average score is 14 of 28
Answer Stats
Goals Year(s) Player % Correct
14 2004, 2008, 2012, 2016, 2021 Cristiano Ronaldo
100%
2 1996, 2000 Luís Figo
88%
2 2008, 2012 Pepe
88%
3 2016 Nani
86%
1 2024 Bernardo Silva
78%
1 2024 Bruno Fernandes
73%
2 2004 Rui Costa
73%
1 2008 Deco
71%
1 2016 Éder
71%
2 2008, 2016 Ricardo Quaresma
71%
6 2000, 2004, 2008 Nuno Gomes
57%
2 2004 Maniche
47%
1 2024 Francisco Conceição
45%
3 2004, 2008, 2012 Hélder Postiga
45%
1 2016 Renato Sanches
45%
3 2000 Sérgio Conceição
45%
1 2021 Raphaël Guerreiro
43%
1 2000 Costinha
39%
1 2021 Diogo Jota
37%
2 1996, 2000 João Pinto
24%
1 1996 Ricardo Sá Pinto
24%
1 2012 Silvestre Varela
24%
1 2008 Raúl Meireles
22%
1 1996 Fernando Couto
18%
1 1984 António Sousa
14%
1 1996 Domingos Paciência
10%
1 1984 Nené
10%
2 1984 Rui Jordão
10%
No matching quizzes found
Score Distribution
Percent of People with Each Score
Percentile by Number Answered
Your Score History
You have not taken this quiz since the last reset